Nommez une commune française valide - Statistiques

Statistiques générales
  • Ce quiz a été pris 487 fois
    444 depuis la dernière actualisation
  • Le résultat moyen est 5 sur 18
Statistiques - réponses
Nommez un commune française... Communes potentielles Réponses possibles % Correct
avec plus de 500 000 habitants Lyon | Marseille | Paris Lyon | Marseille | Paris
99%
de plus de 10 000 habitants en Corse Ajaccio | Bastia | Porto Vecchio Ajaccio | Bastia | Porto Vecchio
72%
avec une seule lettre Y Y
62%
ayant entre 200 000 et 300 000 habitants Bordeaux | Lille | Montpellier | Rennes | Strasbourg Bordeaux | Lille | Montpellier | Rennes | Strasbourg
57%
faisant partie du département de Mayotte Acoua | Bandraboua | Bandrele | Bouéni | Chiconi | Chirongui | Dembeni | Dzaoudzi | Kani-Kéli | Koungou | M'Tsangamouji | Mamoudzou | Mtsamboro | Ouangani | Pamandzi | Sada | Tsingoni Acoua | Bandraboua | Bandrele | Bouéni | Chiconi | Chirongui | Dembeni | Dzaoudzi | Kani-Kéli | Koungou | + 7 autres
47%
ayant un maire du Rassemblement National Bédarrides | Beaucaire | Béziers | Brebières | Bruay-la-Buissière | Camaret-sur-Aigues | Fréjus | Hayange | Hénin-Beaumont | Le Pontet | Mazan | Moissac | Morières-Lès-Avignon | Perpignan | Pia | Villers-Cotterêts Bédarrides | Beaucaire | Béziers | Brebières | Bruay-la-Buissière | Camaret-sur-Aigues | Fréjus | Hayange | Hénin-Beaumont | + 7 autres
43%
étant une préfecture de moins de 15 000 habitants Bar-le-Duc | Basse-Terre | Foix | Guéret | Mende | Privas | Tulle | Vesoul Bar-le-Duc | Basse-Terre | Foix | Guéret | Mende | Privas | Tulle | Vesoul
40%
avec une superficie de plus de 2000 km² Apatou | Camopi | Grand-Santi | Iracoubo| Kourou | Mana | Maripasoula | Papaichton | Régina | Saint-Élie | Saint-Georges | Saint-Laurent-du-Maroni | Saül Apatou | Camopi | Grand-Santi | Iracoubo | Kourou | Mana | Maripasoula | Papaichton | Régina | Saint-Élie | + 3 autres
21%
ayant remportée l'émission "Le Village préféré des Français" Cassel | Cordes-sur-Ciel | Eguisheim | Hunspach | Kaysersberg | Ploumanac'h | Rochefort-en-Terre | Saint-Cirq-Lapopie | Saint-Vaast-la-Hougue Cassel | Cordes-sur-Ciel | Eguisheim | Hunspach | Kaysersberg | Ploumanac'h | Rochefort-en-Terre | Saint-Cirq-Lapopie | Saint-Vaast-la-Hougue
13%
située sur L'ile de Belle-Ile en Mer Bangor | Le Palais | Locmaria | Sauzon Bangor | Le Palais | Locmaria | Sauzon
10%
étant soit la commune la plus au sud, au nord, à l'ouest, ou à l'est de la france continentale metropolitaine Bray-Dunes | Lamanère | Lauterbourg | | Plouarzel Bray-Dunes | Lamanère | Lauterbourg | Plouarzel
9%
n'ayant qu'un seul habitant Rochefourchat Rochefourchat
8%
ayant une densité de plus de 25000 hab/km² Le Pré-Saint-Gervais | Levallois-Perret | Vincennes /small> Le Pré-Saint-Gervais | Levallois-Perret | Vincennes
7%
commençant par Zo Zommange | Zonza | Zoteux | Zouafques | Zoufftgen | Zoza Zommange | Zonza | Zoteux | Zouafques | Zoufftgen | Zoza
6%
avec 38 lettres Beaujeu-Saint-Vallier-Pierrejux-et-Quitteur en Haute-Saône | Saint-Germain-de-Tallevende-la-Lande-Vaumont | Saint-Remy-en-Bouzemont-Saint-Genest-et-Isson Beaujeu-Saint-Vallier-Pierrejux-et-Quitteur en Haute-Saône | Saint-Germain-de-Tallevende-la-Lande-Vaumont | Saint-Remy-en-Bouzemont-Saint-Genest-et-Isson
4%
avec une superficie de moins de 0,4 km² Bourg-le-Roi | Castelmoron-d'Albret | La Ferrière-sur-Risle | Lannoy | Mallièvre | Mont-Louis | Sainte-Marie | Vaudherland Bourg-le-Roi | Castelmoron-d'Albret | La Ferrière-sur-Risle | Lannoy | Mallièvre | Mont-Louis | Sainte-Marie | Vaudherland
4%
frontalière avec Andorre Aston | Auzat | Gestiès | Lercoul | Siguer Auzat | Lercoul | Siguer | Gestiès | Aston
1%
avec une concentration en nitrate de plus de 100 mg/L Calmont | Coron | Jarrie | Plouvorn | Puch-d'Agenais | Noyelles-sous-Lens Calmont | Coron | Jarrie | Plouvorn | Puch-d'Agenais | Noyelles-sous-Lens
0%
Aucun quiz correspondant
Distribution des résultats
% des personnes avec chaque résultat
Percentile par nombre de réponses
Votre historique - résultats
Vous n’avez pas pris ce quiz depuis la dernière actualisation